| 000 | 00812nam a22002415a 4500 | ||
|---|---|---|---|
| 005 | 20170110111122.0 | ||
| 008 | 170110t2016 gw a frb 000 0 eng d | ||
| 020 | _a9783659891670 | ||
| 040 |
_aEG-ScBUE _beng _cEG-ScBUE _dEG-ScBUE |
||
| 043 | _af-ua--- | ||
| 082 | 0 | 4 |
_a658.0220962 _bABD _222 |
| 100 | 1 | _aAbdelmageed, Samar. | |
| 245 | 1 | 2 |
_aA study on the business environment of MSMEs in Egypt / _cSamar Abdelmageed. |
| 260 |
_aSaarbrücken : _bLAP LAMBERT Academic Publishing, _cc.2016. |
||
| 300 |
_a101 p. : _bill. ; _c24 cm. |
||
| 504 | _aBibliography : p. 98-101. | ||
| 590 | _aComposed by BUE staff. | ||
| 650 | 7 |
_aBusiness _xEnvironmental aspects _zEgypt. _2BUEsh |
|
| 650 | 7 |
_aSmall business _xEnvironmental aspects _zEgypt. _2BUEsh |
|
| 651 | _2BUEsh | ||
| 653 |
_bBUSADM _cJanuary2017 |
||
| 942 | _2ddc | ||
| 999 |
_c23873 _d23845 |
||